000
00344pab a2200145 454500
008
180718b1988 xxu||||| |||| 00| 0 eng d
100
_a
Upadhyaya, Abay
245
_a
Role of media in rural development
260
_c
1988
300
_a
523-33
362
_a
Sept.
650
_a
Rural Development
773
_a
Khadi Gramodyog
909
_a
17414
999
_c
17414
_d
17414